| 000 | 00567nam a2200205Ia 4500 | ||
|---|---|---|---|
| 003 | GCL | ||
| 008 | 140319s9999 xx 000 0 ara d | ||
| 040 |
_aGCL / _cGCL |
||
| 082 | 0 | 4 |
_a332.06 _bن ا |
| 100 | 1 | _aنوزاد الهيتى | |
| 245 | 1 | 0 |
_aمقدمة فى الاسواق المالية / _cنوزاد الهيتى |
| 700 | 1 | _aاكاديمية الدراسات العليا | |
| 300 | _a145 ص | ||
| 490 | _a | ||
| 650 | 0 | 4 | _aالاقتصاد |
| 650 | 0 | 4 | _aالبنوك |
| 650 | 0 | 4 | _aالمؤسسات |
| 650 | 0 | 4 | _aالبورصات |
| 942 |
_2ddc _cBK |
||
| 999 |
_c52333 _d52333 |
||